Preference modelling
Αποθηκεύτηκε σε:
| Κύριος συγγραφέας: | |
|---|---|
| Άλλοι συγγραφείς: | |
| Μορφή: | Βιβλίο |
| Γλώσσα: | English |
| Δημοσίευση: |
Berlin :
Springer-Verlag,
1985
|
| Σειρά: | Lecture notes in economics and mathematical systems ;
; 250 |
| Θέματα: | |
| Ετικέτες: |
Προσθήκη ετικέτας
Δεν υπάρχουν, Καταχωρήστε ετικέτα πρώτοι!
|
MARC
| LEADER | 00000nam a2200000 i 4500 | ||
|---|---|---|---|
| 001 | 1/51037 | ||
| 008 | 960223s1985 eng d | ||
| 020 | |a 0387156852 | ||
| 035 | |l 10027105 | ||
| 040 | |a GR-MY-UA |b gre |e aacr | ||
| 041 | 0 | |a eng | |
| 082 | 0 | |a 658.40352 | |
| 100 | 1 | |a Roubens, Marc. | |
| 245 | 1 | 0 | |a Preference modelling / |c Marc Roubens, Phillippe Vincke |
| 260 | |a Berlin : |b Springer-Verlag, |c 1985 | ||
| 300 | |a viii, 94 σ. | ||
| 490 | 1 | |a Lecture notes in economics and mathematical systems |v ; 250 | |
| 650 | 0 | 0 | |a Decision making |x Mathematical models. |
| 650 | 0 | 0 | |a Graph theory. |
| 700 | 1 | |a Vincke, Philippe |d 1951- | |
| 830 | 0 | |a Lecture notes in economics and mathematical systems ; |v ; 250 | |
| 852 | |a INST |b CHIOS |e 19960223 |h 658.40352 ROU |p 005200000869 |q 005200000869 |t BK |y 0 | ||
| 909 | |a Χ |b 016916 | ||